000
00274nam a22001217a 4500
008
170421b xxu||||| |||| 00| 0 eng d
041
_a
eng
080
_2
4 ED
_a
573
100
_a
11
101
_a
SHM
245
_a
CAMPBELL ESSENTIAL BIOLOGY
_c
SIMON.E.J
942
_2
udc
_c
BK
999
_c
11407
_d
11407